[Event "Ibiza-chT 38th"]
[Site "Ibiza"]
[Date "2016.03.19"]
[Round "5.1"]
[White "Mari Copa, Adria"]
[Black "Sanchez Martinez, Pablo"]
[Result "0-1"]
[WhiteElo "2013"]
[BlackElo "1894"]
[PlyCount "83"]
[EventDate "2016.03.13"]
[EventType "team-tourn"]
[EventRounds "5"]
[EventCountry "ESP"]
[SourceTitle "EXT 2024"]
[Source "ChessBase"]
[SourceDate "2023.10.10"]
[SourceVersion "1"]
[SourceVersionDate "2023.10.10"]
[SourceQuality "1"]
[WhiteTeam "Casino de Ibiza"]
[BlackTeam "Pena Deportiva Santa Eulalia"]
[WhiteTeamCountry "ESP"]
[BlackTeamCountry "ESP"]

1. e4 e5 2. Nf3 Nc6 3. Bc4 Bc5 4. c3 Nf6 5. d3 d6 6. 0-0 Bb6 7. Nbd2 0-0 8. h3 a6 9. Bb3 Ba7 10. Re1 Ne7 11. d4 Ng6 12. Nc4 Qe7 13. Bc2 Re8 14. a4 h6 15. b4 Bd7 16. dxe5 dxe5 17. Be3 Bxe3 18. Nxe3 Rad8 19. Nd5 Qd6 20. c4 Nxd5 21. c5 Qf6 22. exd5 Nf4 23. Ra3 Bc6 24. d6 cxd6 25. cxd6 Rxd6 26. Qb1 Nxh3+ 27. Kf1 Rd2 28. Re2 Rxe2 29. Kxe2 Nf4+ 30. Kf1 Bxf3 31. Rxf3 Qh4 32. Kg1 Qg4 33. Qf1 Rc8 34. Bd1 Rc1 35. g3 Qd7 36. Re3 Qxd1 37. Qxd1 Rxd1+ 38. Kh2 Ng6 39. f4 exf4 40. gxf4 Nxf4 41. Re8+ Kh7 42. Re4 0-1

[Event "Ibiza-ch"]
[Site "Eivissa"]
[Date "2015.11.08"]
[Round "2"]
[White "Mari Copa, Adria"]
[Black "Angola Canchimbo, Elmer"]
[Result "1-0"]
[WhiteElo "1889"]
[BlackElo "1654"]
[PlyCount "91"]
[EventDate "2015.11.07"]
[EventType "swiss"]
[EventRounds "7"]
[EventCountry "ESP"]
[SourceTitle "EXT 2017"]
[Source "ChessBase"]
[SourceDate "2016.10.25"]
[SourceVersion "1"]
[SourceVersionDate "2016.10.25"]
[SourceQuality "1"]

1. e4 e6 2. d4 a6 3. Nf3 c5 4. d5 Qc7 5. c4 Bd6 6. Bd3 Ne7 7. 0-0 Ng6 8. Re1 Ne5 9. g3 b5 10. Nxe5 Bxe5 11. Qc2 Bb7 12. cxb5 axb5 13. dxe6 fxe6 14. Bxb5 0-0 15. Bd3 Nc6 16. Be3 Nd4 17. Bxd4 Bxd4 18. Re2 Rf6 19. Nc3 c4 20. Nb5 Qb6 21. Nxd4 Qxd4 22. Qxc4 Qb6 23. Qb5 Qc7 24. Rc2 Bc6 25. e5 Rff8 26. Be4 Qa7 27. Bxc6 dxc6 28. Qxc6 Qf7 29. a4 Qf5 30. Re2 Rfc8 31. Qe4 Qh3 32. b4 Ra7 33. a5 Rac7 34. Qg2 Qf5 35. a6 Qd3 36. Ree1 Ra7 37. Qf1 Qd7 38. b5 Rca8 39. b6 Qc6 40. bxa7 Rxa7 41. Rec1 Qd5 42. Qd1 Qxe5 43. Qf3 h6 44. Rc8+ Kh7 45. Qd3+ g6 46. Qc3 1-0

[Event "ESP-ch 80th"]
[Site "Linares"]
[Date "2015.08.23"]
[Round "1"]
[White "Pazos Porta, Antonio"]
[Black "Mari Copa, Adria"]
[Result "1-0"]
[WhiteElo "2343"]
[BlackElo "2009"]
[PlyCount "71"]
[EventDate "2015.08.23"]
[EventType "swiss"]
[EventRounds "9"]
[EventCountry "ESP"]
[SourceTitle "EXT 2016"]
[Source "ChessBase"]
[SourceDate "2015.10.08"]
[SourceVersion "1"]
[SourceVersionDate "2015.10.08"]
[SourceQuality "1"]

1. e4 e5 2. Nf3 Nf6 3. Nxe5 d6 4. Nf3 Nxe4 5. c4 Be7 6. d4 d5 7. Nc3 Nxc3 8. bxc3 c6 9. Qb3 0-0 10. Be3 Qc7 11. Be2 Be6 12. 0-0 Nd7 13. a4 h6 14. a5 b6 15. axb6 axb6 16. cxd5 Bxd5 17. c4 Be6 18. Qd3 Nf6 19. h3 Ra7 20. Bf4 Qb7 21. Rxa7 Qxa7 22. Ne5 Qa4 23. Rb1 Bd8 24. Bd1 Qa2 25. Bb3 Qa8 26. Qf3 Bf5 27. Re1 Qa5 28. Kf1 Be4 29. Rxe4 Nxe4 30. Qxe4 Qa1+ 31. Ke2 g5 32. Bd2 Bc7 33. Nxc6 Qa8 34. Ne7+ Kh8 35. d5 f5 36. Qe6 1-0

[Event "ESP-ch U18"]
[Site "Salobrena"]
[Date "2015.07.29"]
[Round "5"]
[White "Mari Copa, Adria"]
[Black "Rivas Diaz, Pablo"]
[Result "1-0"]
[WhiteElo "2136"]
[BlackElo "2029"]
[PlyCount "61"]
[EventDate "2015.07.27"]
[EventType "swiss"]
[EventRounds "9"]
[EventCountry "ESP"]
[SourceTitle "EXT 2016"]
[Source "ChessBase"]
[SourceDate "2015.10.08"]
[SourceVersion "1"]
[SourceVersionDate "2015.10.08"]
[SourceQuality "1"]

1. e4 c5 2. Nf3 d6 3. Bb5+ Nd7 4. d4 cxd4 5. Qxd4 a6 6. Bxd7+ Bxd7 7. c4 e5 8. Qd3 b5 9. c5 Qc7 10. Nc3 Qxc5 11. 0-0 Rc8 12. Rd1 Be6 13. Bg5 h6 14. Bh4 g5 15. Bg3 Qb4 16. Nd5 Qc4 17. Qd2 Qxe4 18. Bxe5 Rh7 19. Bxd6 Bxd6 20. Nc3 Bf4 21. Nxe4 Bxd2 22. Nd6+ Kf8 23. Nxc8 Ba5 24. Na7 Ne7 25. Rd6 Bb4 26. Rxa6 g4 27. Nd4 Bc4 28. Naxb5 Bc5 29. Ra8+ Kg7 30. Rc1 Bd5 31. Re8 1-0